Top 5 mistrzów Finlandii - Statystyki

Ogólne statystyki
  • Ten quiz został rozwiązany 29 razy
  • Średni wynik to 1 z 5
Statystyki odpowiedzi
Ilość tytułów Klub % Poprawnych
33 HJK Helsinki
100%
9 FC Haka
18%
7 Helsinki IFK
11%
9 HPS Helsinki
7%
8 Turun Palloseura
4%
Nie znaleziono quizów pasujących do podanych kryteriów
Rozkład punktacji
Procent ludzi z każdym wynikiem
Percentyl według liczby udzielonych odpowiedzi
Twoja historia wyników
Nie rozwiązałeś tego quizu